000 00808nam a22002417a 4500
003 OSt
005 20220107122729.0
008 140203b xxu||||| |||| 00| 0 eng d
020 _a9781848214545
040 _cIIITM-K
082 _a005.82 MAH/R
100 _aMahmoud, Mohammed Slim Ben
_92883
245 _aRisk propagation assessment for network security:
_bApplication to airport communication network design
_cby Mohammed Slim Ben Mahmoud; Nicolas Larrieu; Alain Pirovano
260 _aUK,
_bWiley,
_c2013.
300 _axviii, 119p.
440 _aNetworks and telecommunications series
_92884
650 _aCOMPUTER SCIENCE
_92885
650 _aNETWORK TOPOLOGY
_92886
650 _aSYSTEM SECURITY
_92887
700 _aLarrieu, Nocolas
_92888
700 _aPirovano, Alain
_92889
942 _2ddc
_cBK
999 _c3521
_d3521